Baby boom generation : retirement of baby boomers is unlikely to presipitate dramatic decline in market returns, but broader risks threaten retirement security : report to congressional committees /

Bibliographic Details
Corporate Authors: United States. Government Accountability Office, ProQuest (Firm)
Format: eBook
Language:English
Published: Washington, D.C. : GAO, 2006.
Series:U.S. Congressional Research.
Subjects:
Online Access:Connect to the full text of this electronic book

MARC

Tag First Indicator Second Indicator Subfields
LEADER 00000cam a22000001a 4500
001 in00003342575
006 m d f
007 cr bn mmmapmmp
008 110210s2006 dcua ob f000 0 eng d
005 20260430165748.2
035 |a cis2007802657 
040 |a ProQuest  |c ProQuest  |d UtOrBLW 
043 |a n-us--- 
099 |a CMP-2006-GAO-0117 
110 1 |a United States.  |b Government Accountability Office. 
245 1 0 |a Baby boom generation :  |b retirement of baby boomers is unlikely to presipitate dramatic decline in market returns, but broader risks threaten retirement security : report to congressional committees /  |c United States Government Accountability Office. 
264 1 |a Washington, D.C. :  |b GAO,  |c 2006. 
300 |a 1 online resource. 
336 |a text  |b txt  |2 rdacontent 
337 |a computer  |b c  |2 rdamedia 
338 |a online resource  |b cr  |2 rdacarrier 
500 |a Record is based on bibliographic data in ProQuest U.S. Congressional Research Digital Collection. Reuse except for individual research requires license from ProQuest, LLC. 
504 |a Includes bibliographical references. 
500 |a Electronic resource. 
650 0 |a Retirement income  |z United States. 
650 0 |a Baby boom generation  |x Retirement  |z United States. 
650 0 |a Social security  |z United States. 
655 7 |a Electronic books.  |2 local 
710 2 |a ProQuest (Firm) 
776 0 8 |i Print version:   |a United States. Government Accountability Office.  |t Baby boom generation  |w (DLC)2006460132 
776 0 8 |i Microfiche version:   |a United States. Government Accountability Office.  |t Baby boom generation.  |d [Bethesda, Md.] : ProQuest,[2004]  |o CIS 2006 J942-269  |w (ProQuest)cis00602030 
830 0 |a U.S. Congressional Research. 
856 4 0 |u http://proxy.library.tamu.edu/login?url=https://congressional.proquest.com/congcomp/getdoc?CRDC-ID=CMP-2006-GAO-0117  |z Connect to the full text of this electronic book  |t 0 
998 |a cis00602030 
999 |a MARS 
999 f f |s a7691fbf-e5b3-3b1b-940b-c174b21af541  |i 5d290e96-f46d-3b5f-8deb-3cdbc582e4cc  |t 0 
952 f f |a Texas A&M University  |b College Station  |c Electronic Resources  |s www_evans  |d Available Online  |t 0  |e CMP-2006-GAO-0117  |h Other scheme 
998 f f |a CMP-2006-GAO-0117  |t 0  |l Available Online